ბათუმის შოთა რუსთაველის სახელმწიფო უნივერსიტეტის ბიბლიოთეკა

ბრუნვათა შედგენილობისა და არსებით სახელთა ბრუნების პროცესების ძირითადი საკითხები ლაკურ ენაში. (ბიბ.ჩანაწერი № 51053)

000 -LEADER
fixed length control field 01233nam a2200253Ia 4500
001 - CONTROL NUMBER
control field 18010
003 - CONTROL NUMBER IDENTIFIER
control field GE_BSU
008 - FIXED-LENGTH DATA ELEMENTS--GENERAL INFORMATION
fixed length control field 181216s||||||||xx |||||||||||||| ||und||
040 ## - CATALOGING SOURCE
Transcribing agency GE_BSU
080 ## - UNIVERSAL DECIMAL CLASSIFICATION NUMBER
Universal Decimal Classification number 811.351.21'367.622
100 ## - MAIN ENTRY--PERSONAL NAME
Personal name ბურჭულაძე, გ.
245 ## - TITLE STATEMENT
Title ბრუნვათა შედგენილობისა და არსებით სახელთა ბრუნების პროცესების ძირითადი საკითხები ლაკურ ენაში.
245 ## - TITLE STATEMENT
Statement of responsibility, etc. რედ. ილ. ცერცვაძე
260 ## - PUBLICATION, DISTRIBUTION, ETC.
Place of publication, distribution, etc. თბილისი
260 ## - PUBLICATION, DISTRIBUTION, ETC.
Name of publisher, distributor, etc. მეცნიერება
260 ## - PUBLICATION, DISTRIBUTION, ETC.
Date of publication, distribution, etc. 1986
300 ## - PHYSICAL DESCRIPTION
Extent 132გვ. ; 21სმ
300 ## - PHYSICAL DESCRIPTION
Accompanying material ბიბლიოგრ.: გვ. 122-132
520 ## - SUMMARY, ETC.
Summary, etc. რეზ. რუს
653 ## - INDEX TERM--UNCONTROLLED
Uncontrolled term არსებითი სახელი ლაკურ ენაში
653 ## - INDEX TERM--UNCONTROLLED
Uncontrolled term ბრუნვათა შედგენილობისა და არსებით სახელთა ბრუნების პროცესების ძირითადი საკითხები ლაკურ ენაში
942 ## - ADDED ENTRY ELEMENTS (KOHA)
Koha item type წიგნი
ეგზემპლარები
Withdrawn status Lost status Damaged status Not for loan Date acquired Barcode Date last seen Price effective from Koha item type
        2018-12-17 45947 2018-12-17 2018-12-17 წიგნი